| 000 | 00827nam a2200205 i 4500 | ||
|---|---|---|---|
| 001 | 31703 | ||
| 003 | ES-MaACL | ||
| 005 | 20250805063235.0 | ||
| 007 | t| | ||
| 008 | 030129s1948 sp |||| | spa d | ||
| 100 | 1 |
_aBécquer, Gustavo Adolfo, _d1836-1870 _926974 |
|
| 245 | 1 | 0 |
_aDel olvido en el ángulo oscuro_ _b: páginas abandonadas (prosa y verso) / _cGustavo Adolfo Bécquer ; carta íntima de Dámaso Alonso ; ensayo biocrítico, apéndices y notas por Dionisio Gamallo Fierros. |
| 260 |
_aMadrid : _bValera, _c1948 ( _fVeritas) |
||
| 300 |
_a522 p. : _b1 retr. ; _c19 cm. |
||
| 600 | 1 | 7 |
_aBécquer, Gustavo Adolfo, _d1836-1870 _2embne _926974 |
| 700 | 1 |
_aAlonso, Dámaso, _d1898-1990 _920195 |
|
| 700 | 1 |
_aGamallo Fierros, Dionisio, _d1914-2000 _953740 |
|
| 852 |
_aES-MaACL _jC-5599 |
||
| 999 |
_c31703 _d31703 |
||